LEADER 01249nam a2200277 i 4500 001 000000212224 003 CaOOAMICUS 005 20200527115251.0 008 120402s1849 it u000 u mul u 013 $a191055 040 $aSeMil$bita 245 10$aVol. 2. 260 $aVenezia :$bTip. di Giuseppe Antonelli,$c1849. 300 $a1722 col. ;$c27 cm. 490 0 $aBiblioteca degli scrittori latini : con testo a fronte 500 $aFront. e testo originale a fronte. 700 0 $aCicero, Marcus Tullius,$d<106-43 a.C.>.$0(OLS)http://semarc/name/659 773 0 $aCicero, Marcus Tullius <106-43 a.C.>$tOpere di M. Tullio Cicerone.$dVenezia : Nell'I. R. Privil. Stabilimento Nazionale di G. Antonelli, 1848-1863.$kBiblioteca degli scrittori latini : con testo a fronte$g2$w()26534 830 0$aBiblioteca degli scrittori latini : con testo a fronte.$0(OLS)http://semarc/title/35760 850 $aSeMil 852 $aSeMil$W1$xVenegono$y1$m1X IV 54 FA$j162658$B162658$CSeMilBibl$Z2$F173854 $8I 900 0 $aCicerone, Marco Tullio. 996 $6245$aVol. 2$9(OLS)http://semarc/title/13458 996 $6260$aVenezia :$bTip. di Giuseppe Antonelli$9(OLS)http://semarc/publisher/52626 LEADER 01193nam a2200241 i 4500 001 000000115254 003 CaOOAMICUS 005 20050525000000.0 008 050525s1935 it u000 u ita u 013 $a87943 040 $aSeMil$bita 100 1 $aChaignon, Pierre.$0(OLS)http://semarc/name/89283 245 13$aIl sacerdote all'altare, ossia, la Santa Messa degnamente celebrata /$coperetta offerta a' ... in memoria degli spirituali esercizi dal R.P.Pietro Chaignon D.C.D.G. ; prima versione italiana del Prof. Egisto Ceccucci. 250 $a5. Ed. 260 $aModena :$bTip. Pontificia ed Arcivescovile dell'Immacolata Concezione,$c1935. 300 $a183 p. ;$c21 cm. 650 4$aEucaristia - Celebrazione.$0(OLS)http://semarc/subject/7028 700 1 $aCeccucci, Egisto.$0(OLS)http://semarc/name/48145 850 $aSeMil 852 $aSeMil$W1$xVenegono$y1$m3K IV 166$j70785$B70785$CSeMilBibl$Z2$F98139 $81 961 $aOmaggio: Altro 996 $6245$aIl sacerdote all'altare, ossia, la Santa Messa degnamente celebrata$9(OLS)http://semarc/title/168751 996 $6260$aModena :$bTip. Pontificia ed Arcivescovile dell'Immacolata Concezione$9(OLS)http://semarc/publisher/32420